Psych Season 3 - Statistics

General Stats
  • This quiz has been taken 49 times
  • The average score is 4 of 9
Answer Stats
Hint Answer % Correct
What does Shawn bring to get into the bank in "Gus Walks into a Bank"? pizza
85%
What body part is initally found in "Any Given Friday Night..." foot
78%
Shawn's uncle in "Greatest Adventure...History of Basic Cable" Uncle Jack
49%
"Murder, Anyone...Bueller" Shawn: "Where's the..." Gus: "Did you even go to this school?" cafeteria
41%
Which episode includes Shawn getting jealous of Juliet's older police boyfriend? Gus Walks Into A Bank
37%
Where (body) does Juliet finally shoot Clive? Hand
34%
Who Shawn's pinata was REALLY supposed to look like in "Tuesday the 17th" Rick Astley
22%
Other teammates in "Talk Derby To Me" include Toxic___ and ___wood waste west
12%
The iconic food mentioned in "Truer Lies" Fries Quatro Queso Dos Fritos
5%
No matching quizzes found
Score Distribution
Percent of People with Each Score
Percentile by Number Answered
Your Score History
You have not taken this quiz